| 000 | 01287nam a2200301 i 4500 | ||
|---|---|---|---|
| 001 | 132941 | ||
| 003 | ES-MaACL | ||
| 005 | 20260119105154.0 | ||
| 007 | t| | ||
| 008 | 070214s1924 sp r ||||1| spa d | ||
| 080 | _a929 Blavatsky, H. P. | ||
| 100 | 1 |
_aRoso de Luna, Mario, _d1872-1931 _999794 |
|
| 245 | 1 | 4 |
_aUna mártir del siglo XIX, Helena Petrovna Blavatsky : _bfundadora de la Sociedad Teosófica / _cMario Roso de Luna. |
| 260 |
_aMadrid : _bPueyo, _c[1924] ( _fImp. Helénica) |
||
| 300 |
_a493 p. ; _c24 cm. |
||
| 490 | 1 |
_aObras completas de Mario Roso de Luna ; _v21 |
|
| 490 | 1 |
_aBiblioteca poligráfica blavatsquiana. Serie C ; _v1 |
|
| 505 | 8 | _aContiene: El Dr. Hartmann, y H.P.B. (Franz Hartmann, en su célebre carta a! periódico The Word, a raíz de la muerte de H.P.B.) | |
| 530 | _aDisponible en formato digital. | ||
| 600 | 1 | 4 |
_aBlavatsky, H. P., _d1831-1891 _9148372 |
| 700 | 1 |
_aHartmann, Franz, _d1838-1912 _9172994 |
|
| 830 | 1 |
_aObras completas de Mario Roso de Luna _v21 _9186911 |
|
| 830 | 1 |
_aBiblioteca poligráfica blavatsquiana. Serie C ; _v1 _9186912 |
|
| 852 |
_aES-MaACL _jC-4337 _cSPAL |
||
| 856 | 4 |
_uhttp://bdh-rd.bne.es/viewer.vm?id=0000074647&page=1 _y(Biblioteca Digital Hispánica) |
|
| 942 | _2udc | ||
| 999 |
_c132941 _d132941 |
||